000 00688cam a2200265 4500
008 000000n2000 000 0 eng u
020 _a1860813933
035 _a(Sirsi) u107983
041 _aeng
050 _a690
110 _aBuilding Research Establishment
245 _aRepairing brick and block freestanding walls.
260 _aLondon
_bCRC Ltd
_c2000
300 _a6p. : ill. ; 30cm.
350 _a0
490 _aBRE Good Repair Guide
_v28
650 _aBLOCK WALLS
650 _aBRICK WALLS
650 _aBRICKWORK
650 _aFREESTANDING WALLS
650 _aMASONRY
650 _aREPAIRS
690 _aBUILT ENVIRONMENT-BUILDING PATHOLOGY
942 _n0
999 _c100746
_d100746